<?xml version="1.0" encoding="UTF-8"?>
<record
    xmlns:xsi="http://www.w3.org/2001/XMLSchema-instance"
    xsi:schemaLocation="http://www.loc.gov/MARC21/slim http://www.loc.gov/standards/marcxml/schema/MARC21slim.xsd"
    xmlns="http://www.loc.gov/MARC21/slim">

  <leader>00860nam0a22002531  4500</leader>
  <controlfield tag="001">rc\34020</controlfield>
  <controlfield tag="005">20250620153737.0</controlfield>
  <datafield tag="010" ind1=" " ind2=" ">
    <subfield code="a">5-7082-0019-7</subfield>
    <subfield code="9">100000</subfield>
  </datafield>
  <datafield tag="035" ind1=" " ind2=" ">
    <subfield code="a">(NLR Aleph) 005318303</subfield>
  </datafield>
  <datafield tag="090" ind1=" " ind2=" ">
    <subfield code="a">6460453</subfield>
    <subfield code="c">6460453</subfield>
  </datafield>
  <datafield tag="100" ind1=" " ind2=" ">
    <subfield code="a">20021216d1992    |||y0rusy50      ca</subfield>
  </datafield>
  <datafield tag="101" ind1="0" ind2=" ">
    <subfield code="a">rus</subfield>
  </datafield>
  <datafield tag="102" ind1=" " ind2=" ">
    <subfield code="a">RU</subfield>
  </datafield>
  <datafield tag="105" ind1=" " ind2=" ">
    <subfield code="a">a   |||||||||</subfield>
  </datafield>
  <datafield tag="200" ind1="1" ind2=" ">
    <subfield code="a">&#x41F;&#x440;&#x438;&#x43A;&#x43B;&#x44E;&#x447;&#x435;&#x43D;&#x438;&#x44F; &#x43F;&#x447;&#x435;&#x43B;&#x43A;&#x438; &#x41C;&#x430;&#x439;&#x438;</subfield>
    <subfield code="e">[&#x420;&#x43E;&#x43C;&#x430;&#x43D;</subfield>
    <subfield code="e">&#x414;&#x43B;&#x44F; &#x434;&#x435;&#x442;&#x435;&#x439;]</subfield>
    <subfield code="f">&#x412;&#x43E;&#x43B;&#x44C;&#x434;&#x435;&#x43C;&#x430;&#x440; &#x411;&#x43E;&#x43D;&#x437;&#x435;&#x43B;&#x44C;&#x441;</subfield>
    <subfield code="g">[&#x41F;&#x435;&#x440;. &#x441; &#x43D;&#x435;&#x43C;. &#x41C;.&#x410;. &#x412;&#x430;&#x439;&#x441;&#x431;&#x435;&#x439;&#x43D;</subfield>
    <subfield code="g">&#x425;&#x443;&#x434;&#x43E;&#x436;. &#x412;. &#x41F;&#x435;&#x440;&#x448;&#x43A;&#x43E;&#x432;]</subfield>
  </datafield>
  <datafield tag="210" ind1=" " ind2=" ">
    <subfield code="a">&#x41C;.</subfield>
    <subfield code="c">&#x41A;&#x43B;&#x44E;&#x447;</subfield>
    <subfield code="d">1992</subfield>
  </datafield>
  <datafield tag="215" ind1=" " ind2=" ">
    <subfield code="a">76, [2] c.</subfield>
    <subfield code="c">&#x438;&#x43B;.</subfield>
    <subfield code="d">21</subfield>
  </datafield>
  <datafield tag="700" ind1=" " ind2="1">
    <subfield code="7">ca</subfield>
    <subfield code="8">rus</subfield>
    <subfield code="a">&#x411;&#x43E;&#x43D;&#x437;&#x435;&#x43B;&#x44C;&#x441;</subfield>
    <subfield code="b">&#x412;.</subfield>
    <subfield code="f">1880-1952</subfield>
    <subfield code="g">&#x412;&#x430;&#x43B;&#x44C;&#x434;&#x435;&#x43C;&#x430;&#x440;</subfield>
    <subfield code="9">231427</subfield>
    <subfield code="3">RU\NLR\AUTH\770231483</subfield>
  </datafield>
  <datafield tag="801" ind1=" " ind2="0">
    <subfield code="a">RU</subfield>
    <subfield code="b">NLR</subfield>
    <subfield code="g">psbo</subfield>
  </datafield>
  <datafield tag="801" ind1=" " ind2="1">
    <subfield code="a">RU</subfield>
    <subfield code="b">ELAR</subfield>
    <subfield code="2">rusmarc</subfield>
  </datafield>
  <datafield tag="852" ind1=" " ind2=" ">
    <subfield code="a">NLR</subfield>
    <subfield code="j">92-4/5844</subfield>
  </datafield>
  <datafield tag="942" ind1=" " ind2=" ">
    <subfield code="c">BOOK</subfield>
  </datafield>
  <datafield tag="980" ind1=" " ind2=" ">
    <subfield code="a">NB</subfield>
  </datafield>
  <datafield tag="995" ind1=" " ind2=" ">
    <subfield code="5">2013-10-26</subfield>
    <subfield code="b">NLR01</subfield>
    <subfield code="c">NLR01</subfield>
    <subfield code="e">RF91</subfield>
    <subfield code="f">5318303-10</subfield>
    <subfield code="k">92-4/5844</subfield>
    <subfield code="o">0</subfield>
    <subfield code="r">BOOK</subfield>
    <subfield code="s">9245844_</subfield>
  </datafield>
</record>
